| LEADER |
00737nam0a2200217 450 |
| 001 |
16831882 |
| 010 |
|
|
|a 978-2-8096-5764-7
|b br.
|d 5,95
|
| 100 |
|
|
|a 20170224d2026 u u0frey01 ba
|
| 101 |
0 |
|
|a fre
|
| 102 |
|
|
|a FR
|
| 200 |
0 |
|
|a Rosa et les fleurs d'amandiers
|f Nadja
|g [illustrations], Julie Camel
|
| 207 |
|
1 |
|a
|
| 210 |
|
|
|a Paris
|b 33, rue du Peti-Musc.
|c Play Bac
|d DL 2017
|
| 215 |
|
|
|a 1 vol. (26 p.)
|c ill. en coul.
|d 20 cm
|
| 225 |
1 |
|
|a Minimiki
|v 19
|
| 461 |
|
0 |
|t Minimiki
|v 19
|
| 700 |
|
0 |
|a Nadja
|c Auteur du texte
|f 1955-....
|4 70
|
| 702 |
|
0 |
|a Camel
|b Julie
|c Illustrateur
|4 440
|
| 900 |
|
|
|a Roman enfant
|
| 901 |
|
|
|a Accessible au prêt
|
| 995 |
|
|
|a Bibliothèque
|c Bibliothèque
|f 024019788
|h 024019788
|k E C2 NAD
|o p
|q j
|r az
|e Bibliothèque
|